Library of the University of Algiers 3
Ibrahim Sultan Cheibout
شعار جامعة الجزائر 3
مكتبة جامعة الجزائر 3
إبراهيم سلطان شيبوط

محاسبة النفط / (رقم التسجيلة. 42378)

تفاصيل مارك
000 -LEADER
fixed length control field 01286nam a2200217Ia 4500
003 - CONTROL NUMBER IDENTIFIER
control field Ost
005 - DATE AND TIME OF LATEST TRANSACTION
control field 20260507075029.0
008 - FIXED-LENGTH DATA ELEMENTS--GENERAL INFORMATION
fixed length control field 260507s9999||||xx |||||||||||||| ||und||
020 ## - INTERNATIONAL STANDARD BOOK NUMBER
International Standard Book Number 7200119957
040 ## - CATALOGING SOURCE
Transcribing agency fsecg
041 ## - LANGUAGE CODE
Language code of text/sound track or separate title ara
082 ## - DEWEY DECIMAL CLASSIFICATION NUMBER
Classification number 330
100 ## - MAIN ENTRY--PERSONAL NAME
Personal name عبد الله، خالد أمين
Relator term مؤلف
245 #0 - TITLE STATEMENT
Title محاسبة النفط /
Statement of responsibility, etc. خالد أمين عبد الله
260 ## - PUBLICATION, DISTRIBUTION, ETC.
Place of publication, distribution, etc. عمان:
Name of publisher, distributor, etc. دار وائل للنشر,
Date of publication, distribution, etc. 2001
300 ## - PHYSICAL DESCRIPTION
Extent 234 صفحة؛
Other physical details إيضاحات ؛
Dimensions 24 سم
520 ## - SUMMARY, ETC.
Summary, etc. خصائص محاسبة النفط، الدليل المحاسبي في شركات انتاج النفط، مصروفات الإستكشاف والحصول على العقود الإمتياز، الألات و المعدات، الإهلاك في شركات انتاج النفط ، طبيعة الأصول المتناقصة وخصائصها، نفاذ الممتلكات المنتجة، العقود غير المطورة، مصاربف الحفر وإعداد بئر الإنتاج، تكلفة مراحل الإنتاج، التكاليف المشتركة في صناعة النفط، تصوير نتيجة النشاط وبيان المركز المالي
653 ## - INDEX TERM--UNCONTROLLED
Uncontrolled term البترول
653 ## - INDEX TERM--UNCONTROLLED
Uncontrolled term محاسبة- الشركات
942 ## - ADDED ENTRY ELEMENTS (KOHA)
Koha item type كتب
المقتنيات
Withdrawn status Lost status Source of classification or shelving scheme Damaged status Not for loan Home library Current library Date acquired Serial enumeration / chronology Inventory number Total checkouts Full call number Barcode Date last seen Price effective from Koha item type
    Dewey Decimal Classification   NOT LOAN / إعارة داخلية مكتبة كلية العلوم الإقتصادية والعلوم التجارية وعلوم التسيير مكتبة كلية العلوم الإقتصادية والعلوم التجارية وعلوم التسيير 07/05/2026 الطابق الأرضي 1/220   أ/220ن1 1/220 07/05/2026 07/05/2026 كتب
    Dewey Decimal Classification   Available مكتبة كلية العلوم الإقتصادية والعلوم التجارية وعلوم التسيير مكتبة كلية العلوم الإقتصادية والعلوم التجارية وعلوم التسيير 07/05/2026 الطابق الأرضي 2/220   أ/220ن2 2/220 07/05/2026 07/05/2026 كتب
    Dewey Decimal Classification   Available مكتبة كلية العلوم الإقتصادية والعلوم التجارية وعلوم التسيير مكتبة كلية العلوم الإقتصادية والعلوم التجارية وعلوم التسيير 07/05/2026 الطابق الثاني 3/220   أ/220ن3 3/220 07/05/2026 07/05/2026 كتب
    Dewey Decimal Classification   Available مكتبة كلية العلوم الإقتصادية والعلوم التجارية وعلوم التسيير مكتبة كلية العلوم الإقتصادية والعلوم التجارية وعلوم التسيير 07/05/2026 الطابق الثاني 4/220   أ/220ن4 4/220 07/05/2026 07/05/2026 كتب

موارد الويب المفتوحة


© University of Algiers 3 All Rights Reserved
|
Implemented by LECHELAH Riad